[Event "CZE-chT2E 2223"]
[Site "Czech Republic"]
[Date "2023.03.05"]
[Round "10.6"]
[White "Mlensky, Dalibor"]
[Black "Dvoracek, Jan Matyas"]
[Result "0-1"]
[WhiteElo "2112"]
[BlackElo "1911"]
[PlyCount "216"]
[EventDate "2022.10.16"]
[EventType "team-tourn"]
[EventRounds "11"]
[EventCountry "CZE"]
[SourceTitle "EXT 2024"]
[Source "ChessBase"]
[SourceDate "2023.10.10"]
[SourceVersion "1"]
[SourceVersionDate "2023.10.10"]
[SourceQuality "1"]
[WhiteTeam "Prusanky Podluzan"]
[BlackTeam "Brno Lokomotiva"]
[WhiteTeamCountry "CZE"]
[BlackTeamCountry "CZE"]

1. e4 d6 2. d4 Nf6 3. Nc3 g6 4. g3 Bg7 5. Bg2 0-0 6. Nge2 e5 7. d5 a5 8. a4 Na6 9. 0-0 Nc5 10. Be3 Ng4 11. Bxc5 dxc5 12. h3 Nf6 13. Nb5 Ne8 14. c4 Nd6 15. b3 f5 16. Nec3 f4 17. g4 Rf7 18. f3 Bf6 19. Kf2 b6 20. Ke2 Bd7 21. Kd3 Bxb5 22. axb5 Bh4 23. Ra2 Rc8 24. Qe2 Qe7 25. Rfa1 Rff8 26. Rd2 Kg7 27. Kc2 Ra8 28. Bf1 h6 29. Qg2 Kh7 30. Bd3 Qg5 31. Kb2 Rg8 32. Na4 Qe7 33. Rg1 g5 34. Ra1 Bg3 35. Nc3 Bh4 36. Kb1 Kh8 37. Rda2 Rac8 38. Ne2 Rg7 39. Bc2 Rb8 40. Nc1 Rc8 41. Qd2 Rgg8 42. Nd3 Rge8 43. Qc3 Kg8 44. Kb2 Rb8 45. Rf1 Rbc8 46. Kb1 Rb8 47. Bd1 Rbc8 48. Qa1 Rb8 49. Be2 Kh7 50. Rc1 Kg8 51. Ra4 Kh7 52. Kc2 Kg8 53. Kd2 Kh7 54. Bd1 Kg8 55. Ke2 Kh7 56. Bc2 Kg8 57. Nb2 Kh7 58. Bd3 Kg8 59. Nd1 Kf7 60. Qa2 Kg7 61. Ra1 Kh8 62. Kf1 Kg7 63. Qe2 Kf7 64. Rc1 Kg7 65. b4 axb4 66. Rca1 Kf6 67. Ra7 Rh8 68. R1a6 Qd7 69. Qg2 Bg3 70. Ke2 Rbc8 71. Kd2 Qe8 72. Kc2 h5 73. Kb3 hxg4 74. fxg4 Qf8 75. Ne3 Qh6 76. Bf1 Qxh3 77. Qxh3 Rxh3 78. Nf5 Nxf5 79. Bxh3 Nd4+ 80. Kb2 Be1 81. Ra8 Bc3+ 82. Kb1 Rxa8 83. Rxa8 b3 84. Bf1 Nf3 85. Bd3 Nd2+ 86. Kc1 b2+ 87. Kd1 b1Q+ 88. Bxb1 Nxb1 89. Kc2 Nd2 90. Kxc3 Nxe4+ 91. Kd3 Nf2+ 92. Ke2 Nxg4 93. Rc8 e4 94. Rxc7 f3+ 95. Ke1 e3 96. Rh7 Ke5 97. Rh3 Ke4 98. d6 Ne5 99. Kd1 e2+ 100. Kd2 Nxc4+ 101. Ke1 Nxd6 102. Rh6 Nxb5 103. Re6+ Kf4 104. Rxb6 Nd4 105. Kf2 Nc2 106. Rf6+ Kg4 107. Rxf3 e1Q+ 108. Kg2 Ne3+ 0-1

[Event "CZE-chT2E 2223"]
[Site "Czech Republic"]
[Date "2023.02.05"]
[Round "8.5"]
[White "Mohapl, Petr"]
[Black "Mlensky, Dalibor"]
[Result "0-1"]
[WhiteElo "2037"]
[BlackElo "2112"]
[PlyCount "42"]
[EventDate "2022.10.16"]
[EventType "team-tourn"]
[EventRounds "11"]
[EventCountry "CZE"]
[SourceTitle "EXT 2024"]
[Source "ChessBase"]
[SourceDate "2023.10.10"]
[SourceVersion "1"]
[SourceVersionDate "2023.10.10"]
[SourceQuality "1"]
[WhiteTeam "Litovel Tatran"]
[BlackTeam "Prusanky Podluzan"]
[WhiteTeamCountry "CZE"]
[BlackTeamCountry "CZE"]

1. d4 d5 2. c4 dxc4 3. Nc3 a6 4. a4 Nc6 5. e3 Na5 6. Nf3 Nf6 7. Ne5 Be6 8. Be2 Nd7 9. f4 Nxe5 10. fxe5 c6 11. 0-0 Nb3 12. Ra3 Nxc1 13. Qxc1 f6 14. Ne4 Bd5 15. Qc2 fxe5 16. Ng5 exd4 17. exd4 Qb6 18. Qd2 0-0-0 19. a5 Qa7 20. Qf4 e5 21. Qxe5 Bd6 0-1

[Event "CZE-chT2E 2223"]
[Site "Czech Republic"]
[Date "2023.01.22"]
[Round "7.5"]
[White "Mlensky, Dalibor"]
[Black "Prenosil, Jiri"]
[Result "1-0"]
[WhiteElo "2112"]
[BlackElo "2083"]
[PlyCount "77"]
[EventDate "2022.10.16"]
[EventType "team-tourn"]
[EventRounds "11"]
[EventCountry "CZE"]
[SourceTitle "EXT 2024"]
[Source "ChessBase"]
[SourceDate "2023.10.10"]
[SourceVersion "1"]
[SourceVersionDate "2023.10.10"]
[SourceQuality "1"]
[WhiteTeam "Prusanky Podluzan"]
[BlackTeam "Olomouc"]
[WhiteTeamCountry "CZE"]
[BlackTeamCountry "CZE"]

1. e4 c5 2. Nf3 Nc6 3. d4 cxd4 4. Nxd4 Nf6 5. Nc3 d6 6. g3 g6 7. Bg2 Bg7 8. Nde2 0-0 9. 0-0 Bg4 10. h3 Bd7 11. a4 Rc8 12. Nd5 Nxd5 13. exd5 Ne5 14. Ra2 Qc7 15. b3 f5 16. c4 b6 17. Nd4 a5 18. Re2 Rfe8 19. f4 Nf7 20. Bb2 Bf6 21. Rfe1 Qc5 22. Kh2 Qb4 23. Nc6 Bxc6 24. Bxf6 exf6 25. dxc6 Kf8 26. Bd5 Qc5 27. Kg2 h5 28. Rxe8+ Rxe8 29. Rxe8+ Kxe8 30. Qe2+ Ne5 31. g4 fxg4 32. hxg4 h4 33. fxe5 dxe5 34. Qe4 Ke7 35. g5 Qb4 36. gxf6+ Kd6 37. Qe3 Qa3 38. f7 Qb2+ 39. Kh3 1-0

[Event "CZE-chT2E 2223"]
[Site "Czech Republic"]
[Date "2022.12.18"]
[Round "5.4"]
[White "Svancara, Petr"]
[Black "Mlensky, Dalibor"]
[Result "1-0"]
[WhiteElo "2114"]
[BlackElo "2112"]
[PlyCount "151"]
[EventDate "2022.10.16"]
[EventType "team-tourn"]
[EventRounds "11"]
[EventCountry "CZE"]
[SourceTitle "EXT 2024"]
[Source "ChessBase"]
[SourceDate "2023.10.10"]
[SourceVersion "1"]
[SourceVersionDate "2023.10.10"]
[SourceQuality "1"]
[WhiteTeam "Grygov"]
[BlackTeam "Prusanky Podluzan"]
[WhiteTeamCountry "CZE"]
[BlackTeamCountry "CZE"]

1. c4 b6 2. Nc3 Bb7 3. e4 c5 4. Nf3 Nc6 5. d4 cxd4 6. Nxd4 g6 7. Be2 Bg7 8. Be3 Nf6 9. 0-0 0-0 10. f3 Rc8 11. Qd2 d6 12. Rac1 Ne5 13. b3 Ned7 14. Rfd1 Re8 15. Qe1 Qc7 16. Nd5 Qb8 17. Qh4 e5 18. Nb5 Nxd5 19. cxd5 a6 20. Na3 b5 21. Qe1 Rxc1 22. Rxc1 Rc8 23. g3 Rxc1 24. Qxc1 f5 25. Qd2 fxe4 26. fxe4 Qc7 27. Nc2 Nf6 28. Bf3 Bc8 29. Nb4 Bb7 30. g4 a5 31. Nd3 Bc8 32. h3 h5 33. Nf2 b4 34. Be2 Bd7 35. Qc1 Qc3 36. Qxc3 bxc3 37. g5 Ne8 38. Bd3 a4 39. Bb6 axb3 40. axb3 h4 41. Kf1 Bf8 42. Bd8 Kf7 43. Ke1 Be7 44. Bxe7 Kxe7 45. Kd1 Ng7 46. Kc2 Nh5 47. Kxc3 Nf4 48. Bf1 Kd8 49. Kb4 Kc7 50. Ka5 Kb7 51. Kb4 Kb6 52. Kc3 Bc8 53. b4 Bd7 54. Kd2 Bc8 55. Ke3 Bd7 56. Kf3 Nh5 57. Ng4 Ba4 58. Nf6 Bd1+ 59. Be2 Bxe2+ 60. Kxe2 Nf4+ 61. Kf3 Nxh3 62. Kg4 Nf2+ 63. Kxh4 Nd3 64. Ne8 Nxb4 65. Nxd6 Kc5 66. Nf7 Kd4 67. d6 Kxe4 68. d7 Nc6 69. d8Q Nxd8 70. Nxd8 Kf3 71. Nc6 e4 72. Ne5+ Kf4 73. Nxg6+ Kf5 74. Ne7+ Ke6 75. Nc6 e3 76. Nd4+ 1-0

[Event "CZE-chT2E 2122"]
[Site "Czech Republic"]
[Date "2022.01.16"]
[Round "6.6"]
[White "Mlensky, Dalibor"]
[Black "Hrabal, Michal"]
[Result "0-1"]
[WhiteElo "2096"]
[BlackElo "2057"]
[PlyCount "78"]
[EventDate "2021.10.17"]
[EventType "team-tourn"]
[EventRounds "11"]
[EventCountry "CZE"]
[SourceTitle "EXT 2024"]
[Source "ChessBase"]
[SourceDate "2023.10.10"]
[SourceVersion "1"]
[SourceVersionDate "2023.10.10"]
[SourceQuality "1"]
[WhiteTeam "Prusanky Podluzan"]
[BlackTeam "Jihlava Gambit"]
[WhiteTeamCountry "CZE"]
[BlackTeamCountry "CZE"]

1. e4 e5 2. f4 d5 3. exd5 c6 4. d4 exd4 5. Qxd4 Qxd5 6. Qxd5 cxd5 7. Nc3 Nf6 8. Nf3 Bc5 9. Bd2 0-0 10. 0-0-0 Bf5 11. Ne5 Nc6 12. Bd3 Bxd3 13. Nxd3 Bb6 14. Rde1 Rfd8 15. h3 h5 16. Ne5 Rac8 17. g4 hxg4 18. Nxg4 Nh5 19. Rh2 Nd4 20. Ne5 Ng3 21. Rg2 Ngf5 22. Kb1 f6 23. Ng4 Kf7 24. Bc1 Ba5 25. Rd1 Bxc3 26. bxc3 Nb5 27. Rd3 Nxc3+ 28. Ka1 Re8 29. Ne3 Nxe3 30. Bxe3 d4 31. Bd2 Ne2 32. Kb2 Rc6 33. Rb3 b6 34. a4 a5 35. Bxa5 bxa5 36. Rb7+ Kf8 37. Rbxg7 Rb6+ 38. Ka1 Re3 39. Rg8+ Kf7 0-1

[Event "CZE-chT2E 1819"]
[Site "Czech Republic"]
[Date "2019.03.17"]
[Round "10.5"]
[White "Mlensky, Dalibor"]
[Black "Blaha, Petr"]
[Result "0-1"]
[WhiteElo "2116"]
[BlackElo "1971"]
[PlyCount "66"]
[EventDate "2018.10.14"]
[EventType "team-tourn"]
[EventRounds "11"]
[EventCountry "CZE"]
[SourceTitle "EXT 2022"]
[Source "ChessBase"]
[SourceDate "2021.10.06"]
[SourceVersion "1"]
[SourceVersionDate "2021.10.06"]
[SourceQuality "1"]
[WhiteTeam "Prusanky Podluzan"]
[BlackTeam "Stare Mesto II"]
[WhiteTeamCountry "CZE"]
[BlackTeamCountry "CZE"]

1. e4 e5 2. f4 exf4 3. Bc4 Ne7 4. Nc3 Ng6 5. d4 Bb4 6. Kf1 Bxc3 7. bxc3 d6 8. Qh5 Be6 9. Bxe6 fxe6 10. Nf3 Nd7 11. e5 dxe5 12. dxe5 Qe7 13. a4 Qc5 14. Bd2 0-0-0 15. Re1 Ndxe5 16. Re4 Nd7 17. Qxc5 Nxc5 18. Rc4 b6 19. h4 Ne5 20. Nxe5 Rxd2 21. Rh3 Rf8 22. a5 Rxc2 23. axb6 axb6 24. Rf3 Rf5 25. Nc6 Kb7 26. Nd8+ Kc8 27. Nc6 Kd7 28. Nb8+ Kd6 29. Rd4+ Rd5 30. Rxd5+ exd5 31. Rxf4 Rxc3 32. Rf7 Rg3 33. Kf2 Rg6 0-1

[Event "CZE-chT2E 1819"]
[Site "Czech Republic"]
[Date "2018.11.18"]
[Round "3.5"]
[White "Benes, Miroslav"]
[Black "Mlensky, Dalibor"]
[Result "1-0"]
[WhiteElo "1976"]
[BlackElo "2116"]
[PlyCount "103"]
[EventDate "2018.10.14"]
[EventType "team-tourn"]
[EventRounds "11"]
[EventCountry "CZE"]
[SourceTitle "EXT 2022"]
[Source "ChessBase"]
[SourceDate "2021.10.06"]
[SourceVersion "1"]
[SourceVersionDate "2021.10.06"]
[SourceQuality "1"]
[WhiteTeam "Kromeriz Slavia II"]
[BlackTeam "Prusanky Podluzan"]
[WhiteTeamCountry "CZE"]
[BlackTeamCountry "CZE"]

1. c4 b6 2. d4 Bb7 3. f3 g6 4. e4 Bg7 5. Nc3 e5 6. Be3 exd4 7. Bxd4 Nf6 8. Qd2 Nc6 9. Be3 d6 10. Nh3 Qd7 11. Nf4 Ne5 12. Be2 h5 13. h4 a5 14. b3 Ba6 15. Rc1 0-0 16. 0-0 Qd8 17. g3 Nfd7 18. Nfd5 Re8 19. Bg5 f6 20. Be3 Nf7 21. Rce1 c6 22. Nf4 Nde5 23. Kg2 Kh7 24. Nh3 Bc8 25. Nf2 Be6 26. f4 Ng4 27. Nxg4 Bxg4 28. Bxg4 hxg4 29. Qd3 Rb8 30. Rh1 Kg8 31. Bf2 Qd7 32. Na4 b5 33. cxb5 Rxb5 34. Nc3 Rh5 35. Bd4 Qb7 36. Bf2 f5 37. exf5 c5+ 38. Kh2 Rxe1 39. Rxe1 Rxf5 40. Re8+ Kh7 41. Ne4 Rd5 42. Qc4 Qd7 43. Rf8 Rf5 44. Ng5+ Rxg5 45. Rxf7 Qxf7 46. Qxf7 Rf5 47. Qa7 Kg8 48. Qxa5 Bf8 49. Qa8 Kf7 50. a4 d5 51. Qb7+ Ke6 52. Qc8+ 1-0

[Event "CZE-chT2E 1819"]
[Site "Czech Republic"]
[Date "2018.10.14"]
[Round "1.5"]
[White "Mlensky, Dalibor"]
[Black "Senkyr, Martin"]
[Result "1/2-1/2"]
[WhiteElo "2116"]
[BlackElo "2103"]
[PlyCount "129"]
[EventDate "2018.10.14"]
[EventType "team-tourn"]
[EventRounds "11"]
[EventCountry "CZE"]
[SourceTitle "EXT 2022"]
[Source "ChessBase"]
[SourceDate "2021.10.06"]
[SourceVersion "1"]
[SourceVersionDate "2021.10.06"]
[SourceQuality "1"]
[WhiteTeam "Prusanky Podluzan"]
[BlackTeam "Zlin"]
[WhiteTeamCountry "CZE"]
[BlackTeamCountry "CZE"]

1. e4 c5 2. Nf3 e6 3. d4 cxd4 4. Nxd4 a6 5. g3 Qc7 6. Bg2 b6 7. 0-0 Bb7 8. Nc3 d6 9. Nde2 Be7 10. g4 h6 11. Bf4 Nd7 12. h3 Ngf6 13. Ng3 Ne5 14. a4 Nfd7 15. Nce2 Rc8 16. Nd4 Ng6 17. Be3 Nh4 18. Bh1 Ne5 19. b3 g5 20. c4 Neg6 21. Nh5 Nf4 22. Bxf4 gxf4 23. Ng7+ Kd7 24. Nh5 Rcg8 25. f3 Qc5 26. Kh2 Ng6 27. Qd2 Bg5 28. a5 Qe5 29. axb6 Rc8 30. Ra5 Rc5 31. Rxc5 dxc5 32. Ne2+ Kc6 33. b4 Rd8 34. Qc2 cxb4 35. Qa4+ Kxb6 36. Qxb4+ Ka7 37. Rb1 Qc7 38. c5 Be7 39. Qb6+ Qxb6 40. cxb6+ Kb8 41. Rb2 Bd6 42. Rd2 Kc8 43. Bg2 Be5 44. Rc2+ Kd7 45. Kg1 Ke7 46. Kf2 Rd6 47. Rc7+ Rd7 48. Rc2 Kd8 49. h4 Nxh4 50. Nhxf4 Nxg2 51. Kxg2 Rd1 52. Rc5 Bd6 53. Rh5 Bb4 54. Rxh6 a5 55. Rh8+ Kd7 56. Rh7 Ke8 57. g5 Rd7 58. Rh8+ Ke7 59. g6 fxg6 60. Nxg6+ Kd6 61. e5+ Kc6 62. Re8 Rd2 63. Ngf4 Kd7 64. Rh8 a4 65. Kf2 1/2-1/2

[Event "CZE-chT2E 1718"]
[Site "Czech Republic"]
[Date "2017.11.05"]
[Round "2.6"]
[White "Mlensky, Dalibor"]
[Black "Ruzicka, Frantisek"]
[Result "0-1"]
[WhiteElo "2137"]
[BlackElo "2082"]
[PlyCount "72"]
[EventDate "2017.10.15"]
[EventType "team-tourn"]
[EventRounds "11"]
[EventCountry "CZE"]
[SourceTitle "EXT 2022"]
[Source "ChessBase"]
[SourceDate "2021.10.06"]
[SourceVersion "1"]
[SourceVersionDate "2021.10.06"]
[SourceQuality "1"]
[WhiteTeam "Prusanky Podluzan"]
[BlackTeam "Jundrov Jezdci"]
[WhiteTeamCountry "CZE"]
[BlackTeamCountry "CZE"]

1. e4 c5 2. Nf3 e6 3. d4 cxd4 4. Nxd4 a6 5. Nc3 Qc7 6. g3 Nf6 7. Bg2 d6 8. Nde2 Nbd7 9. h3 Be7 10. g4 Ne5 11. Ng3 Rb8 12. 0-0 b5 13. a3 Bb7 14. g5 Nfd7 15. f4 Nc4 16. Qf3 0-0 17. b3 Ncb6 18. Bb2 d5 19. Qg4 dxe4 20. Ncxe4 Nd5 21. Rae1 Qb6+ 22. Kh2 Ne3 23. Rxe3 Qxe3 24. Nf6+ Bxf6 25. gxf6 g6 26. Qg5 Qd2 27. Rg1 Kh8 28. Nh5 Rg8 29. Ng7 Rbc8 30. Bc1 Qxc2 31. Be3 Bxg2 32. Rxg2 Qc3 33. f5 exf5 34. Rd2 Qxf6 35. Rxd7 Qxg5 36. Bxg5 Kxg7 0-1

[Event "CZE-chT2E 1617"]
[Site "Czech Republic"]
[Date "2017.02.26"]
[Round "9.8"]
[White "Mlensky, Dalibor"]
[Black "Ruzicka, Martin"]
[Result "1/2-1/2"]
[WhiteElo "2134"]
[BlackElo "1866"]
[PlyCount "107"]
[EventDate "2016.09.10"]
[EventType "team-tourn"]
[EventRounds "11"]
[EventCountry "CZE"]
[SourceTitle "EXT 2022"]
[Source "ChessBase"]
[SourceDate "2021.10.06"]
[SourceVersion "1"]
[SourceVersionDate "2021.10.06"]
[SourceQuality "1"]
[WhiteTeam "Prusanky Podluzan"]
[BlackTeam "Jundrov Jezdci"]
[WhiteTeamCountry "CZE"]
[BlackTeamCountry "CZE"]

1. e4 e5 2. f4 exf4 3. Bc4 Nf6 4. Nc3 Bb4 5. Nge2 f3 6. gxf3 Nc6 7. Ng3 d6 8. d4 0-0 9. Bg5 h6 10. Be3 d5 11. Be2 dxe4 12. fxe4 Re8 13. Bf3 Bh3 14. Qd3 Qe7 15. 0-0-0 Rad8 16. Qb5 Bxc3 17. bxc3 Qa3+ 18. Qb2 Qxb2+ 19. Kxb2 Na5 20. Ka1 Bg4 21. Bxg4 Nxg4 22. Bg1 Nc4 23. h3 Nf6 24. Bh2 Ne3 25. Rd3 Nc4 26. e5 Nd5 27. Nf5 Kh7 28. Re1 Re6 29. Bg3 Rde8 30. Rb1 Rb6 31. Rxb6 axb6 32. Rf3 Ra8 33. Bh4 Ra3 34. Be1 Ra5 35. Bh4 Rb5 36. a4 Ra5 37. Be1 Rxa4+ 38. Kb1 Ra5 39. h4 g6 40. Ne7 Kg7 41. Nxd5 Rxd5 42. Kc1 b5 43. Bg3 c5 44. Bf2 b4 45. Rd3 b3 46. cxb3 Nxe5 47. Rd1 Ng4 48. Bg1 f5 49. c4 Rd7 50. dxc5 Rxd1+ 51. Kxd1 Kf7 52. Bd4 Ke6 53. Ke2 g5 54. hxg5 1/2-1/2

[Event "CZE-chT2E 1617"]
[Site "Czech Republic"]
[Date "2017.01.15"]
[Round "6.8"]
[White "Kudlicka, Robert"]
[Black "Mlensky, Dalibor"]
[Result "0-1"]
[WhiteElo "1722"]
[BlackElo "2134"]
[PlyCount "68"]
[EventDate "2016.09.10"]
[EventType "team-tourn"]
[EventRounds "11"]
[EventCountry "CZE"]
[SourceTitle "EXT 2022"]
[Source "ChessBase"]
[SourceDate "2021.10.06"]
[SourceVersion "1"]
[SourceVersionDate "2021.10.06"]
[SourceQuality "1"]
[WhiteTeam "Vyskov"]
[BlackTeam "Prusanky Podluzan"]
[WhiteTeamCountry "CZE"]
[BlackTeamCountry "CZE"]

1. d4 c5 2. d5 f5 3. c4 e5 4. dxe6 dxe6 5. Qxd8+ Kxd8 6. b3 Nc6 7. Bb2 Nf6 8. Nf3 Bd6 9. Na3 Ke7 10. e3 a6 11. Nc2 b6 12. g3 Bb7 13. Bg2 Rad8 14. 0-0 Rd7 15. Rad1 Rhd8 16. Rfe1 Bb8 17. Rxd7+ Rxd7 18. Kf1 g6 19. h3 e5 20. Nh2 e4 21. Ke2 h5 22. Nf1 Be5 23. Bxe5 Nxe5 24. Nd2 a5 25. f3 Rxd2+ 26. Kxd2 exf3 27. Bf1 Ne4+ 28. Kc1 Nxg3 29. e4 f4 30. Rd1 Bxe4 31. Kd2 f2 32. h4 Nf3+ 33. Kc3 Bxc2 34. Kxc2 Ne1+ 0-1

[Event "CZE-chT2E 1415"]
[Site "Czech Republic"]
[Date "2015.03.29"]
[Round "10.8"]
[White "Hajek, Oskar"]
[Black "Mlensky, Dalibor"]
[Result "1/2-1/2"]
[WhiteElo "2035"]
[BlackElo "2102"]
[PlyCount "58"]
[EventDate "2014.11.02"]
[EventType "team-tourn"]
[EventRounds "11"]
[EventCountry "CZE"]
[SourceTitle "EXT 2022"]
[Source "ChessBase"]
[SourceDate "2021.10.06"]
[SourceVersion "1"]
[SourceVersionDate "2021.10.06"]
[SourceQuality "1"]
[WhiteTeam "Prusanky Podluzan"]
[BlackTeam "Hustopece"]
[WhiteTeamCountry "CZE"]
[BlackTeamCountry "CZE"]

1. e4 d5 2. exd5 Qxd5 3. Nc3 Qa5 4. d4 Nf6 5. Nf3 Bg4 6. h3 Bh5 7. g4 Bg6 8. Ne5 e6 9. Bg2 Be4 10. Bxe4 Nxe4 11. Qf3 Nd6 12. Nxf7 Nxf7 13. Qxb7 Bb4 14. Qxa8 Bxc3+ 15. bxc3 Qxc3+ 16. Kf1 0-0 17. Rb1 Nc6 18. Qb7 Qf3 19. Rh2 Nd6 20. Qb3 Qd1+ 21. Kg2 Rxf2+ 22. Kxf2 Ne4+ 23. Ke3 Qxd4+ 24. Ke2 Nc3+ 25. Kf1 Qd1+ 26. Kg2 Qe2+ 27. Kg1 Qe1+ 28. Kg2 Qe2+ 29. Kg1 Qe1+ 1/2-1/2

[Event "CZE-chT2E 1415"]
[Site "Czech Republic"]
[Date "2015.02.22"]
[Round "8.8"]
[White "Varga, Marian"]
[Black "Mlensky, Dalibor"]
[Result "0-1"]
[WhiteElo "1881"]
[BlackElo "2102"]
[PlyCount "104"]
[EventDate "2014.11.02"]
[EventType "team-tourn"]
[EventRounds "11"]
[EventCountry "CZE"]
[SourceTitle "EXT 2022"]
[Source "ChessBase"]
[SourceDate "2021.10.06"]
[SourceVersion "1"]
[SourceVersionDate "2021.10.06"]
[SourceQuality "1"]
[WhiteTeam "Brno Vinohrady"]
[BlackTeam "Hustopece"]
[WhiteTeamCountry "CZE"]
[BlackTeamCountry "CZE"]

1. e4 e5 2. Nf3 f5 3. Nxe5 Qf6 4. d4 d6 5. Nc4 fxe4 6. Nc3 c6 7. Be3 d5 8. Nd2 Bb4 9. Qh5+ g6 10. Qg5 h6 11. Qxf6 Nxf6 12. a3 Bd6 13. f3 exf3 14. Nxf3 Ng4 15. Bd2 0-0 16. Bd3 Re8+ 17. Ne2 Bf5 18. Bxf5 gxf5 19. h3 Ne3 20. Bxe3 Rxe3 21. Kf2 Re7 22. Rae1 Nd7 23. Ng3 Bxg3+ 24. Kxg3 Re4 25. c3 Kh7 26. Nd2 Rg8+ 27. Kf3 Ree8 28. Rxe8 Rxe8 29. g4 fxg4+ 30. hxg4 Kg6 31. Rg1 Nf6 32. Rg2 Kg5 33. Rg1 Ne4 34. Nxe4+ Rxe4 35. Rg2 Rf4+ 36. Ke3 Rxg4 37. Rf2 Re4+ 38. Kd3 Rf4 39. Rg2+ Rg4 40. Rf2 h5 41. Rf7 Rg3+ 42. Kc2 h4 43. Rxb7 h3 44. Rh7 Kg4 45. Rxa7 h2 46. Rg7+ Kf3 47. Rh7 Kg2 48. Rxh2+ Kxh2 49. Kb3 Rg2 50. Kb4 Rxb2+ 51. Kc5 Rb5+ 52. Kxc6 Ra5 0-1

[Event "CZE-chT2E 1415"]
[Site "Czech Republic"]
[Date "2014.11.30"]
[Round "3.8"]
[White "Svizensky, Lubos"]
[Black "Mlensky, Dalibor"]
[Result "1/2-1/2"]
[WhiteElo "1902"]
[BlackElo "2102"]
[PlyCount "78"]
[EventDate "2014.11.02"]
[EventType "team-tourn"]
[EventRounds "11"]
[EventCountry "CZE"]
[SourceTitle "EXT 2022"]
[Source "ChessBase"]
[SourceDate "2021.10.06"]
[SourceVersion "1"]
[SourceVersionDate "2021.10.06"]
[SourceQuality "1"]
[WhiteTeam "Dalesice Pivovar"]
[BlackTeam "Hustopece"]
[WhiteTeamCountry "CZE"]
[BlackTeamCountry "CZE"]

1. d4 d5 2. Nf3 Nf6 3. c4 dxc4 4. e3 Bg4 5. Bxc4 e6 6. 0-0 Nbd7 7. h3 Bh5 8. Be2 Bd6 9. Nc3 a6 10. e4 e5 11. dxe5 Nxe5 12. Nxe5 Bxe2 13. Qxe2 Bxe5 14. Rd1 Qe7 15. Nd5 Nxd5 16. Rxd5 Rd8 17. Rxd8+ Qxd8 18. Be3 0-0 19. Rd1 Qf6 20. b3 h6 21. Qg4 Qe6 22. Qxe6 fxe6 23. f3 b6 24. Kf2 c5 25. Rd7 Rc8 26. Ke2 Rc7 27. Rxc7 Bxc7 28. a4 Bd6 29. Kd3 b5 30. axb5 axb5 31. e5 Bf8 32. f4 Kf7 33. g4 Ke8 34. f5 Kd7 35. Ke4 Kc6 36. Bf4 b4 37. Bc1 c4 38. bxc4 b3 39. Kd3 Bb4 1/2-1/2

[Event "CZE-chT2E 1314"]
[Site "Czech Republic"]
[Date "2013.11.17"]
[Round "2.5"]
[White "Mlensky, Dalibor"]
[Black "Balsinek, Pavel"]
[Result "0-1"]
[WhiteElo "2121"]
[BlackElo "2060"]
[PlyCount "126"]
[EventDate "2013.11.03"]
[EventType "team-tourn"]
[EventRounds "11"]
[EventCountry "CZE"]
[SourceTitle "EXT 2016"]
[Source "ChessBase"]
[SourceDate "2015.10.08"]
[SourceVersion "1"]
[SourceVersionDate "2015.10.08"]
[SourceQuality "1"]
[WhiteTeam "Hustopece"]
[BlackTeam "Prusanky Podluzan"]
[WhiteTeamCountry "CZE"]
[BlackTeamCountry "CZE"]

1. e4 c5 2. Nf3 Nc6 3. d4 cxd4 4. Nxd4 Nf6 5. Nc3 d6 6. g3 g6 7. Bg2 Bd7 8. 0-0 Bg7 9. Nde2 0-0 10. h3 Rc8 11. a4 Be6 12. Nd5 Ne5 13. Ra2 Bxd5 14. exd5 a5 15. b3 Ned7 16. c4 Nc5 17. Nc3 Nfd7 18. Nb5 Re8 19. Be3 Nf6 20. Bd4 Qd7 21. Re2 Qf5 22. Re3 Kf8 23. f4 Qd7 24. g4 Ng8 25. f5 g5 26. h4 h6 27. hxg5 hxg5 28. Bxg7+ Kxg7 29. Rh3 f6 30. Nd4 Nh6 31. Kf2 Rh8 32. Rfh1 Rh7 33. Rh5 Rch8 34. Kg3 Kg8 35. Bf3 Qe8 36. Ne6 Nxe6 37. dxe6 Qc8 38. Qd5 b6 39. Rd1 Qc5 40. Rhh1 Qe3 41. Qe4 Nxg4 42. Qxe3 Nxe3 43. Rxh7 Nxf5+ 44. Kf2 Rxh7 45. Rd5 Ng7 46. Rb5 Rh2+ 47. Kg3 Rc2 48. Bd5 f5 49. Rxb6 Nh5+ 50. Kf3 Rc3+ 51. Ke2 Nf4+ 52. Kd2 Nxd5 53. cxd5 Rc5 54. Rb5 Kf8 55. Rb8+ Kg7 56. Rb5 Kf8 57. Rb8+ Kg7 58. Rb5 g4 59. Ke3 Rc3+ 60. Kf2 f4 61. b4 Rc2+ 62. Ke1 g3 63. Kd1 Ra2 0-1

[Event "CZE-chT2E 1213"]
[Site "Czech Republic"]
[Date "2013.03.03"]
[Round "10.4"]
[White "Mlensky, Dalibor"]
[Black "Bures, Vit"]
[Result "1/2-1/2"]
[WhiteElo "2139"]
[BlackElo "2158"]
[PlyCount "22"]
[EventDate "2012.10.14"]
[EventType "team-tourn"]
[EventRounds "11"]
[EventCountry "CZE"]
[SourceTitle "EXT 2016"]
[Source "ChessBase"]
[SourceDate "2015.10.08"]
[SourceVersion "1"]
[SourceVersionDate "2015.10.08"]
[SourceQuality "1"]
[WhiteTeam "Hustopece"]
[BlackTeam "Brno Duras II"]
[WhiteTeamCountry "CZE"]
[BlackTeamCountry "CZE"]

1. e4 c5 2. Nf3 d6 3. d4 cxd4 4. Nxd4 Nf6 5. Nc3 a6 6. g3 Nc6 7. Bg2 Bd7 8. 0-0 e6 9. Nde2 Be7 10. h3 0-0 11. g4 h6 1/2-1/2

[Event "CZE-chT2E 1213"]
[Site "Czech Republic"]
[Date "2013.02.17"]
[Round "9.5"]
[White "Mlensky, Dalibor"]
[Black "Fojtik, Tomas"]
[Result "1-0"]
[WhiteElo "2139"]
[BlackElo "2043"]
[PlyCount "105"]
[EventDate "2012.10.14"]
[EventType "team-tourn"]
[EventRounds "11"]
[EventCountry "CZE"]
[SourceTitle "EXT 2016"]
[Source "ChessBase"]
[SourceDate "2015.10.08"]
[SourceVersion "1"]
[SourceVersionDate "2015.10.08"]
[SourceQuality "1"]
[WhiteTeam "Hustopece"]
[BlackTeam "Prusanky Podluzan"]
[WhiteTeamCountry "CZE"]
[BlackTeamCountry "CZE"]

1. e4 c5 2. Nf3 a6 3. a4 d6 4. Bc4 e6 5. Nc3 Nc6 6. d4 cxd4 7. Nxd4 Nf6 8. Be3 Be7 9. h3 Qc7 10. Qe2 Bd7 11. 0-0 Rc8 12. Ba2 0-0 13. Rfe1 Na5 14. Rad1 Nc4 15. Bc1 Rfd8 16. g4 Qc5 17. g5 Ne8 18. h4 b5 19. axb5 axb5 20. Bb3 b4 21. Na4 Qa5 22. Bxc4 Bxa4 23. b3 Bd7 24. Be3 Ra8 25. f4 d5 26. exd5 exd5 27. Bd3 Nd6 28. Qf1 f5 29. Ra1 Qc7 30. Rxa8 Rxa8 31. Ra1 Rb8 32. Nf3 Ne4 33. Ra7 Rb7 34. Ra8+ Rb8 35. Ra7 Rb7 36. Ra8+ Rb8 37. Rxb8+ Qxb8 38. Ne5 Qb7 39. Qa1 Be8 40. Qa5 Kf8 41. Bd4 Bd6 42. Ba6 Qa8 43. Qb6 Be7 44. Qb7 Qd8 45. Qc8 Qxc8 46. Bxc8 Bh5 47. Bxf5 Bd1 48. Bxh7 Bxc2 49. Ng6+ Kf7 50. Nxe7 Kxe7 51. Bxg7 Kf7 52. Be5 Nf6 53. Bxc2 1-0